Normal view
MARC view
Entry Personal Name
001 - CONTROL NUMBER
- control field: 269417
003 - CONTROL NUMBER IDENTIFIER
- control field: OSt
005 - DATE AND TIME OF LATEST TRANSACTION
- control field: 20220925205010.0
008 - FIXED-LENGTH DATA ELEMENTS
- fixed length control field: 220925|| aca||aabn | a|a d
040 ## - CATALOGING SOURCE
- Original cataloging agency: OSt
- Transcribing agency: OSt
100 ## - HEADING--PERSONAL NAME
- Personal name: Bloch Peter C
670 ## - SOURCE DATA FOUND
- Source citation: Work cat.: (OSt)550947: Dixon-Gough Robert W 269416, Role of the state and individual in sustainable land management, 2006
